000 00682nam a22002297a 4500
003 UA-OsUOA
001 94363
007 ta
008 20130208b un ||||| |||| 00| 0 ukr d
100 _aГоголь Н В.
090 _a821.161.1
_bГ58
942 _cBK
040 _aUA-OsUOA
_brus
_cUA-OsUOA
_dUA-OsUOA
245 _aСочинения в двух томах
_b2
_cДраматические произведения "Муртвые душы"
300 _a621 с.
955 _a3
041 _arus
080 _a821.161.1
260 _aМ.
_bХудож. лит.
_c1962
650 7 _a82 Література. Літературознавство
_2UDC
999 _c380605
_d380605